Central Library OPAC University of Rajshahi

Selections from Rusticus loquitur, or, The old light & the new' / (Record no. 43170)

MARC details
000 -LEADER
fixed length control field 00669nam a2200217 a 4500
001 - CONTROL NUMBER
control field 43170
003 - CONTROL NUMBER IDENTIFIER
rucl marc code BD-RjUL
005 - DATE AND TIME OF LATEST TRANSACTION
control field 20211209053646.0
008 - FIXED-LENGTH DATA ELEMENTS--GENERAL INFORMATION
fixed length control field 160620s1954 xxk 000 0 eng d
035 ## - SYSTEM CONTROL NUMBER
System control number (BD-RjUL)43288
040 ## - CATALOGING SOURCE
Original cataloging agency UKM
Transcribing agency UKM
Modifying agency EQO
-- BD-RjUL
Language of cataloging eng
041 ## - LANGUAGE CODE
Language code of text/sound track or separate title eng
082 ## - DEWEY DECIMAL CLASSIFICATION NUMBER
Classification number 954.5
Edition number 23
Author mark and year DAR 1954
100 1# - MAIN ENTRY--PERSONAL NAME
Personal name Darling, Malcolm
9 (RLIN) 132576
245 10 - TITLE STATEMENT
Title Selections from Rusticus loquitur, or, The old light & the new' /
Statement of responsibility, etc. by Malcolm Darling
260 ## - PUBLICATION, DISTRIBUTION, ETC. (IMPRINT)
Place of publication, distribution, etc. Karachi:
Name of publisher, distributor, etc. Oxford University Press,
Date of publication, distribution, etc. 1954
300 ## - PHYSICAL DESCRIPTION
Pagination iv, 62 p. ;
Size 19 cm.
650 ## - SUBJECT ADDED ENTRY--TOPICAL TERM
Source of heading or term Peasants
General subdivision Punjab
Geographic subdivision India
9 (RLIN) 132577
Topical term or geographic name as entry element Description and travel.
9 (RLIN) 132578
942 ## - ADDED ENTRY ELEMENTS (KOHA)
Source of classification or shelving scheme Dewey Decimal Classification
Koha item type Books
Holdings
Lost status Source of classification or shelving scheme Damaged status Not for loan Collection code Permanent Location Current Location Shelving location Date acquired Source of acquisition Cost, normal purchase price Total Checkouts Full call number Date last seen Copy number Koha item type
  Dewey Decimal Classification     Non-fiction Central Library, University of Rajshahi Central Library, University of Rajshahi   12/02/1955 O.U.C 3.40   954.5 DAR 1954 20/06/2016 C-2 Books